| Tag |
First Indicator |
Second Indicator |
Subfields |
| LEADER |
00000cam a2200000 a 4500 |
| 001 |
in00002552829 |
| 005 |
20151201152702.0 |
| 008 |
091008s2009 enka 001 0 eng |
| 020 |
|
|
|a 9780198016922 (hbk.)
|
| 020 |
|
|
|a 0198016921 (hbk.)
|
| 035 |
|
|
|a (OCoLC)ocn456837151
|
| 040 |
|
|
|a UKM
|c UKM
|d C#P
|d BWX
|d YDX
|d CDX
|d TXA
|d UtOrBLW
|
| 041 |
1 |
|
|a eng
|h chi
|
| 043 |
|
|
|a a-cc---
|
| 049 |
|
|
|a TXAM
|
| 082 |
0 |
|
|a 338.951
|2 22
|
| 090 |
|
|
|a HC427.92
|b .L3613 2009
|
| 100 |
1 |
|
|a Li, Lanqing.
|
| 240 |
1 |
0 |
|a Tu wei.
|l English
|
| 245 |
1 |
0 |
|a Breaking through :
|b the birth of China's opening-up policy /
|c Li Lanqing ; translated by Ling Yuan and Zhang Siying.
|
| 250 |
|
|
|a [English ed.].
|
| 264 |
|
1 |
|a Oxford ;
|a New York :
|b Oxford University Press ;
|a [Beijing] :
|b Foreign Language Teaching and Research Press,
|c 2009.
|
| 300 |
|
|
|a xviii, 453 pages :
|b illustrations ;
|c 24 cm.
|
| 336 |
|
|
|a text
|b txt
|2 rdacontent
|
| 337 |
|
|
|a unmediated
|b n
|2 rdamedia
|
| 338 |
|
|
|a volume
|b nc
|2 rdacarrier
|
| 500 |
|
|
|a Includes index.
|
| 505 |
0 |
|
|a Opening up becomes a key state policy -- The birth of special economic zones -- Bringing in advanced technology and equipment -- Lessons for the opening-up policy -- "Borrowing a hen to lay eggs" -- Foreign trade reform's rough beginning -- Learning along the way.
|
| 650 |
|
0 |
|a Economic development
|z China.
|
| 651 |
|
0 |
|a China
|x Economic policy
|y 1976-2000.
|
| 651 |
|
0 |
|a China
|x Economic conditions
|y 1976-2000.
|
| 651 |
|
0 |
|a China
|x Foreign relations
|y 1976-
|
| 651 |
|
0 |
|a China
|x Politics and government
|y 1976-2002.
|
| 651 |
|
0 |
|a China
|x History
|y 1976-2002.
|
| 945 |
|
|
|a PromptCat
|
| 948 |
|
|
|a cataloged
|b h
|c 2010/7/9
|d c
|e dmitchel
|f 10:10:10 am
|
| 994 |
|
|
|a C0
|b TXA
|
| 999 |
|
|
|a MARS
|
| 999 |
f |
f |
|s 1af57933-ccb6-3ba6-ac9a-ecc99441380d
|i ced5b16d-0b20-3000-899b-47053f20579d
|t 0
|
| 952 |
f |
f |
|p ric
|a Texas A&M University
|b Rellis Campus
|c Joint Library Facility
|d Remote Storage
|t 0
|e HC427.92 .L3613 2009
|h Library of Congress classification
|i unmediated -- volume
|m A14840306231
|
| 998 |
f |
f |
|a HC427.92 .L3613 2009
|t 0
|l Remote Storage
|